Plateros, plata y alhajas en Zacatecas, 1568-1782 (Record no. 728)

MARC details
000 -CABECERA
campo de control de longitud fija 00689nam a2200193 a 4500
001 - NÚMERO DE CONTROL
campo de control BRCA_833
005 - FECHA Y HORA DE LA ÚLTIMA TRANSACCIÓN
campo de control 20190320203153.0
008 - DATOS DE LONGITUD FIJA--INFORMACIÓN GENERAL
campo de control de longitud fija 900504s1986 mx-a---###---s001-0#spa-#
040 ## - FUENTE DE LA CATALOGACIÓN
Centro catalogador/agencia de origen DLC
Centro/agencia transcriptor DLC
050 #4 - SIGNATURA TOPOGRÁFICA DE LA BIBLIOTECA DEL CONGRESO
Número de clasificación NK7114
Número de documento/Ítem .H69 1986
100 1# - ENTRADA PRINCIPAL--NOMBRE DE PERSONA
Nombre de persona Hoyo, Eugenio del
9 (RLIN) 2770
245 10 - MENCIÓN DE TÍTULO
Título Plateros, plata y alhajas en Zacatecas, 1568-1782
Mención de responsabilidad, etc. Eugenio del Hoyo.
260 ## - PUBLICACIÓN, DISTRIBUCIÓN, ETC.
Lugar de publicación, distribución, etc. Zacatecas, México
Nombre del editor, distribuidor, etc. Gobierno del Estado de Zacatecas : Instituto de Cultura de Zacatecas
Fecha de publicación, distribución, etc. 1986
300 ## - DESCRIPCIÓN FÍSICA
Extensión xxii, 199 p.
Otras características físicas il. a color [4] hojas de láminas
Dimensiones 28 cm.
500 ## - NOTA GENERAL
Nota general Incluye índice onomástico
650 14 - PUNTO DE ACCESO ADICIONAL DE MATERIA--TÉRMINO DE MATERIA
Término de materia o nombre geográfico como elemento de entrada Trabajos en plata
Subdivisión geográfica México
9 (RLIN) 2771
650 14 - PUNTO DE ACCESO ADICIONAL DE MATERIA--TÉRMINO DE MATERIA
Término de materia o nombre geográfico como elemento de entrada Plateros
Subdivisión geográfica Zacatecas (México)
9 (RLIN) 2772
942 ## - ELEMENTOS DE PUNTO DE ACCESO ADICIONAL (KOHA)
Fuente del sistema de clasificación o colocación Library of Congress Classification
Tipo de ítem Koha Libros
Holdings
Estado de retiro Estado de pérdida Estado dañado No para préstamo Localización permanente Ubicación/localización actual Fecha de adquisición Total de préstamos Signatura topográfica completa Código de barras Fecha visto por última vez Precio válido a partir de Tipo de ítem Koha
El ejemplar forma parte de la colección y puede ser consultado según las políticas vigentes.       Biblioteca del Museo Franz Mayer (Rogerio Casas-Alatriste) Biblioteca del Museo Franz Mayer (Rogerio Casas-Alatriste) 26/06/2008   NK7114 .H69 1986 01304 22/03/2019 22/03/2019 Libros